Missing Word: Double Letter Landmarks Quiz Stats

 Plays Quiz Updated Jun 29, 2019

Score 0/18 Timer 04:00
0 Plays Today
Landmark Missing Word % Correct
Great ___ of ChinaWall
99.2%
Niagara ___Falls
97.8%
___ TowerEiffel
97.4%
___ SignHollywood
90.3%
___ MermaidLittle
89.7%
Death ___Valley
89.4%
Christ the ___Redeemer
86.7%
Space ___Needle
85.8%
Cape of ___ HopeGood
85.7%
Landmark Missing Word % Correct
Machu ___Picchu
85%
White ___ of DoverCliffs
84.8%
___ CircusPiccadilly
75.4%
Capitol ___Hill
70.6%
The ___ CityForbidden
70.3%
___ TowerWillis
49.6%
___ PisManneken
24.1%
Park ___Güell
15.5%
Leshan Giant ___Buddha
13.5%

Today's Daily Dose

Missing Word
Sherlocks

Word Ladder
King of the Hill

Quick Pick
Songs in Pink

Get the Picture
NBA Teammates

You're not logged in!

Compare scores with friends on all Sporcle quizzes.
OR
Log In

Sporcle TV

Today on Sporcle TV


Watch our educational content, quiz creation guides, and fun videos on Sporcle TV.

Show Comments

Extras

Top Quizzes Today


Score Distribution

Your Account Isn't Verified!

In order to create a playlist on Sporcle, you need to verify the email address you used during registration. Go to your Sporcle Settings to finish the process.

Report this User

Report this user for behavior that violates our Community Guidelines.

Details: